000
00303nam a22001337a 4500
008
170414b xxu||||| |||| 00| 0 eng d
020
_a
0915473763
041
_a
eng
080
_a
618
100
_a
10
101
_a
SHM
245
_a
HUIDELINES WOMENS HEALTH CARE
_c
HERBERT.N.P.W
942
_2
udc
_c
BK
999
_c
10782
_d
10782